00349nam a22001097a 450000500170000002000230001703500120004003700130005224501060006526000450017130000230021620120425132649.0 a0195653122c245.00 aB-28134 aDPLbENG aChanging concepts of rights and justice in South Asia /cedited by Michael R. Anderson and Sumit Guha aNew DelhibOxford University Pressc2000 axi, 287p.c20 cms.